000 00406nam a22001577a 4500
003 OSt
008 240203b |||||||| |||| 00| 0 eng d
020 _a9788178123837
041 _aeng
082 _a658.002
_bGUP/PO
245 _aProbationary officers examination SBI & Associate banks
260 _aNew Delhi
_bRamesh Publishing House
_c2013
300 _a668p
700 _aGupta,R
_91571
942 _cBK
999 _c13803
_d13803